000 01328nam a22002777a 4500
005 20170410123701.0
008 140714b xxu||||| |||| 00| 0 Urdu d
010 _aUR-112 B-547980 B-665889
020 _a9789350732779
_c300.00
035 _aU-112 B-547980 B-665889
037 _bBPPD/Pub/Ven
037 _bPansy Books(Vend.)/Edu.pub. House(Pub.)
040 _aDPL
_bUrdu
082 _a840.8
100 _aسعيد ہ جعفر
245 _aتنقيد ا حتسا ب اور تجز يہ
_cسعيد ہ جعفر
246 _aTanqeed ,Ahtasab aaaaaaaaur Tajzia
_bbySyeda Jafar
260 _aد ھلی
_bا يجو کيشنل پبليشنگ ہا ؤس
_c2014
260 _bPansy Books(Vender)
270 _a3108،و کيل اسٹر يٹ ،کو چہ پنڈ ت ،لال کنو ا ن
_bد ھلی
_e110006
_k23216162،23214465
270 _aR2,/66/A Somesh Vihar,Chhawala
_bNew Delhi
_e110071
_k01125317355
300 _a272ص
_c22Cm (Hb)
942 _2ddc
_cUR
_e
_h 840.8
_m ج ع ف
_k
999 _c87344
_d87344